Skład Realu Madryt na sezon 2019/20 - Statystyki

Ogólne statystyki
  • Ten quiz został rozwiązany 1 453 razy
  • Średni wynik to 21 z 28
Statystyki odpowiedzi
Numery zawodników Zawodnicy % Poprawnych
9(N) Karim Benzema
96%
4 (ŚO) Sergio Ramos
96%
10 (ŚP) Luka Modric
94%
12 (LO) Marcelo
92%
8 (ŚP) Toni Kroos
90%
14 (ŚPD) Casemiro
89%
5 (ŚO) Raphael Varane
89%
2 (PO) Daniel Carvajal
88%
11 (PS) Gareth Bale
87%
7 (LS) Eden Hazard
85%
1 (BR) Keylor Navas
85%
28 (LS) Vinícius Júnior
85%
13 (BR) Thibaut Courtois
84%
23 (LO) Ferland Mendy
81%
22 (ŚPO) Isco
81%
6 (ŚO) Nacho
78%
27 (LS) Rodrygo
77%
24 (N) Mariano Díaz
74%
15 (ŚP) Federico Valverde
73%
20 (LS) Marco Asensio
72%
18 (N) Luka Jovic
70%
3( ŚO) Eder Militao
69%
17 (PS) Lucas Vázquez
69%
19 (PO) Álvaro Odriozola
54%
25 (BR) Andrii Lunin
52%
16 (ŚPO) James Rodríguez
52%
21 (LS) Brahim Díaz
42%
26 (ŚPO) Takefusa Kubo
12%
Nie znaleziono quizów pasujących do podanych kryteriów
Rozkład punktacji
Procent ludzi z każdym wynikiem
Percentyl według liczby udzielonych odpowiedzi
Twoja historia wyników
Nie rozwiązałeś tego quizu